| 000 | 00657nam a22002057a 4500 | ||
|---|---|---|---|
| 003 | OSt | ||
| 005 | 20240717020526.0 | ||
| 008 | 240717b |||||||| |||| 00| 0 eng d | ||
| 020 | _a971-728-112-8 | ||
| 040 |
_aDWC- Main Lib _cOC |
||
| 082 | _aFil. 370.15 V422 2015 | ||
| 100 | _aVega, Violeta A. | ||
| 245 |
_aPsychological, anthropological and sociological foundations of education/ _cVioleta A Vega. |
||
| 260 |
_aPateros: _bGrandbooks Publishing, _cc2015. |
||
| 300 |
_a135 pages : _billustrations; _c25cm. |
||
| 504 | _aIncludes bibliography. | ||
| 650 | _a1. Educational psychology | ||
| 650 | _a2. Educational sociology | ||
| 942 |
_2ddc _cBK - FIL _n1 |
||
| 999 |
_c2290 _d2290 |
||